[Event "GER-ch Net blitz qual5"]
[Site "Playchess.com INT"]
[Date "2020.03.28"]
[Round "3"]
[White "Kistner, Sinan"]
[Black "Osmanodja, Filiz"]
[Result "0-1"]
[WhiteElo "1627"]
[BlackElo "2293"]
[PlyCount "66"]
[EventDate "2020.03.28"]
[EventType "swiss (blitz)"]
[EventRounds "13"]
[EventCountry "GER"]
[SourceTitle "CBM 195 Extra"]
[Source "ChessBase"]
[SourceDate "2020.05.31"]
[SourceVersion "1"]
[SourceVersionDate "2020.05.31"]
[SourceQuality "1"]

1. c4 c5 2. Nf3 Nc6 3. Nc3 e5 4. e3 Nf6 5. d4 cxd4 6. exd4 e4 7. Ng5 Bb4 8. a3 Bxc3+ 9. bxc3 0-0 10. Bf4 d5 11. cxd5 Qxd5 12. Be2 h6 13. Nh3 Bxh3 14. gxh3 e3 15. Bf3 exf2+ 16. Kxf2 Qf5 17. Kg3 g5 18. Be3 Rae8 19. Qd2 Re4 20. Raf1 Rh4 21. Qg2 Re8 22. Bd2 Qd7 23. Bxc6 Nh5+ 24. Kf2 bxc6 25. Bxg5 Qf5+ 26. Kg1 Qxg5 27. Qxg5+ hxg5 28. Rf3 Nf4 29. Kf2 Re2+ 30. Kf1 Ra2 31. Rg1 Nxh3 32. Rxh3 Rxh3 33. Rxg5+ Kf8 0-1

[Event "GER-ch Net blitz qual5"]
[Site "Playchess.com INT"]
[Date "2020.03.28"]
[Round "12"]
[White "Namyslo, Holger"]
[Black "Kistner, Sinan"]
[Result "1/2-1/2"]
[WhiteElo "2290"]
[BlackElo "1627"]
[PlyCount "79"]
[EventDate "2020.03.28"]
[EventType "swiss (blitz)"]
[EventRounds "13"]
[EventCountry "GER"]
[SourceTitle "CBM 195 Extra"]
[Source "ChessBase"]
[SourceDate "2020.05.31"]
[SourceVersion "1"]
[SourceVersionDate "2020.05.31"]
[SourceQuality "1"]

1. e4 c6 2. d4 d5 3. exd5 cxd5 4. c4 Nf6 5. Nc3 Bg4 6. Nf3 e6 7. c5 Nc6 8. Bb5 Be7 9. 0-0 0-0 10. Be3 Ne4 11. h3 Nxc3 12. bxc3 Bxf3 13. Qxf3 Qa5 14. c4 Rad8 15. cxd5 Qxb5 16. dxc6 Qxc6 17. Qxc6 bxc6 18. Rab1 Rb8 19. Bf4 Rxb1 20. Rxb1 g5 21. Rb7 Bxc5 22. dxc5 gxf4 23. Rxa7 Rd8 24. a4 Rd1+ 25. Kh2 Rd5 26. a5 Rxc5 27. a6 Ra5 28. h4 c5 29. Kh3 c4 30. Kg4 c3 31. Rc7 Rxa6 32. Rxc3 Ra4 33. Rc5 Ra2 34. Kf3 Ra4 35. Kg4 h6 36. f3 Kg7 37. Rc7 Kg6 38. h5+ Kf6 39. Rc2 Rd4 40. Ra2 1/2-1/2

[Event "Baden-ch U12"]
[Site "Karlsruhe"]
[Date "2012.01.05"]
[Round "7"]
[White "Wiesner, Alexander"]
[Black "Kistner, Sinan"]
[Result "1-0"]
[WhiteElo "1391"]
[BlackElo "1224"]
[PlyCount "21"]
[EventDate "2012.01.03"]
[EventType "swiss"]
[EventRounds "7"]
[EventCountry "GER"]
[SourceTitle "EXT 2015"]
[Source "ChessBase"]
[SourceDate "2014.11.20"]
[SourceVersion "1"]
[SourceVersionDate "2014.11.20"]
[SourceQuality "1"]

1. e4 c6 2. d4 d5 3. exd5 cxd5 4. c4 Nf6 5. Nc3 Nc6 6. Nf3 Bg4 7. cxd5 Nxd5 8. Be2 Nf4 9. Bxf4 Bxf3 10. Bxf3 Qxd4 11. Bxc6+ 1-0

[Event "Baden-ch U12"]
[Site "Karlsruhe"]
[Date "2012.01.04"]
[Round "3"]
[White "Bleyer, Kalle"]
[Black "Kistner, Sinan"]
[Result "1-0"]
[WhiteElo "1350"]
[BlackElo "1224"]
[PlyCount "57"]
[EventDate "2012.01.03"]
[EventType "swiss"]
[EventRounds "7"]
[EventCountry "GER"]
[SourceTitle "EXT 2015"]
[Source "ChessBase"]
[SourceDate "2014.11.20"]
[SourceVersion "1"]
[SourceVersionDate "2014.11.20"]
[SourceQuality "1"]

1. e4 c6 2. d4 d5 3. exd5 cxd5 4. Nf3 Nf6 5. c4 Bg4 6. Be3 e6 7. Nc3 Nc6 8. a3 a5 9. h3 Bxf3 10. Qxf3 Be7 11. c5 0-0 12. Bd3 b6 13. Bb5 Nxd4 14. Bxd4 bxc5 15. Bxf6 Bxf6 16. 0-0 Rb8 17. a4 c4 18. Rab1 Be7 19. Rfd1 Bb4 20. Bxc4 Bxc3 21. Qxc3 Qc8 22. Bb5 Qxc3 23. bxc3 Rbc8 24. Rbc1 Rfd8 25. c4 h6 26. cxd5 Rxc1 27. Rxc1 Rxd5 28. Rc8+ Kh7 29. Ra8 1-0